| 000 | 00800nam a22002777a 4500 | ||
|---|---|---|---|
| 001 | BR7310280 | ||
| 003 | BR-BrBNA | ||
| 005 | 20230928084158.0 | ||
| 007 | ta | ||
| 008 | 230509b bl.||||| |||| 00| 0 por d | ||
| 040 |
_aBR-BrBNA _bpor _cBiblioteca Nacional de Agricultura |
||
| 041 | _a(Por) | ||
| 072 |
_aF60 _b1112 |
||
| 090 | _ 1112 BR7310280 | ||
| 100 | 1 | _aPurcino, A.A.C. | |
| 245 | 1 | _aTeor de carbureto de calcio e tempo de duracao do tratamento na maturacao de bananas [Musa spp; Nutriente mineral] | |
| 260 | 3 |
_aLavras, MG (Brasil): _c1973. |
|
| 300 | _a30 p. | ||
| 500 | _a11 tables; 11 ref.; Summary (Por) | ||
| 650 | _aBANANA | ||
| 650 | _aMATURACAO | ||
| 650 | _aNUTRIENTE MINERAL | ||
| 650 | _aCARBURETO DE CALCIO | ||
| 909 |
_a202309 _bLucia _c55 _dLucia Elande |
||
| 942 | _cBK | ||
| 999 |
_c17320 _d17320 |
||